Myles midwifery : (Record no. 19172)
[ view plain ]
| 000 -LEADER | |
|---|---|
| fixed length control field | 00952cam a2200277 a 4500 |
| 001 - CONTROL NUMBER | |
| control field | 016111285 |
| 003 - CONTROL NUMBER IDENTIFIER | |
| control field | OSt |
| 005 - DATE AND TIME OF LATEST TRANSACTION | |
| control field | 20150407153852.0 |
| 008 - FIXED-LENGTH DATA ELEMENTS--GENERAL INFORMATION | |
| fixed length control field | 130222r20142013stka f 000 0 eng d |
| 020 ## - INTERNATIONAL STANDARD BOOK NUMBER | |
| International Standard Book Number | 9780702043390 |
| 040 ## - CATALOGING SOURCE | |
| Original cataloging agency | StDuBDS |
| Language of cataloging | eng |
| Transcribing agency | StDuBDS |
| Modifying agency | StEdNL |
| -- | EG-ScBUE |
| 082 00 - DEWEY DECIMAL CLASSIFICATION NUMBER | |
| Classification number | 612.63076 |
| Item number | RAN |
| Edition number | 22 |
| 100 1# - MAIN ENTRY--PERSONAL NAME | |
| Personal name | Rankin, Jean, |
| Dates associated with a name | 1953- |
| 9 (RLIN) | 36410 |
| 245 10 - TITLE STATEMENT | |
| Title | Myles midwifery : |
| Remainder of title | anatomy and physiology workbook / |
| Statement of responsibility, etc | Jean Rankin. |
| 246 30 - VARYING FORM OF TITLE | |
| Title proper/short title | Anatomy and physiology workbook |
| 260 ## - PUBLICATION, DISTRIBUTION, ETC. (IMPRINT) | |
| Place of publication, distribution, etc | Edinburgh : |
| Name of publisher, distributor, etc | Churchill Livingstone / Elsevier, |
| Date of publication, distribution, etc | 2014. |
| 300 ## - PHYSICAL DESCRIPTION | |
| Extent | vi, 238 p. : |
| Other physical details | ill. ; |
| Dimensions | 28 cm. |
| 500 ## - GENERAL NOTE | |
| General note | Reprint of the 2013 ed. |
| 650 #0 - SUBJECT ADDED ENTRY--TOPICAL TERM | |
| Topical term or geographic name as entry element | Women |
| General subdivision | Physiology |
| Form subdivision | Problems, exercises, etc. |
| 9 (RLIN) | 36411 |
| 650 #0 - SUBJECT ADDED ENTRY--TOPICAL TERM | |
| Topical term or geographic name as entry element | Pregnancy |
| Form subdivision | Problems, exercises, etc. |
| 9 (RLIN) | 36415 |
| 650 #0 - SUBJECT ADDED ENTRY--TOPICAL TERM | |
| Topical term or geographic name as entry element | Childbirth |
| Form subdivision | Problems, exercises, etc. |
| 9 (RLIN) | 36413 |
| 650 #0 - SUBJECT ADDED ENTRY--TOPICAL TERM | |
| Topical term or geographic name as entry element | Midwifery. |
| 9 (RLIN) | 36414 |
| 653 ## - INDEX TERM--UNCONTROLLED | |
| Resource For college | Nursing |
| Arrived date list | April2015 |
| 655 ## - INDEX TERM--GENRE/FORM | |
| Form subdivision | |
| -- | 34232 |
| 942 ## - ADDED ENTRY ELEMENTS (KOHA) | |
| Source of classification or shelving scheme | Dewey Decimal Classification |
| Call number prefix | 612.63076 RAN |
| Withdrawn status | Item status | Source of classification or shelving scheme | Damaged status | Not for loan | Vendor | Home library | Current library | Shelving location | Date acquired | Source of acquisition | Cost, normal purchase price | Serial Enumeration / chronology | Total Checkouts | Full call number | Barcode | Date last seen | Cost, replacement price | Koha item type | Total Renewals | Date last borrowed |
|---|---|---|---|---|---|---|---|---|---|---|---|---|---|---|---|---|---|---|---|---|
| Dewey Decimal Classification | Baccah | Central Library | Central Library | First floor | 07/04/2015 | 230.00 | 21925 | 612.63076 RAN | 000037941 | 15/07/2025 | 287.50 | Book - Borrowing | ||||||||
| Dewey Decimal Classification | Baccah | Central Library | Central Library | First floor | 07/04/2015 | 230.00 | 21925 | 3 | 612.63076 RAN | 000037942 | 15/07/2025 | 287.50 | Book - Borrowing | 31 | 14/12/2022 |